[Event "GRE-chT 46th"]
[Site "Rio Achaia"]
[Date "2018.07.11"]
[Round "3.11"]
[White "Violakis, Anastasios"]
[Black "Amaxopoulos, Christos"]
[Result "1-0"]
[WhiteElo "1255"]
[BlackElo "1180"]
[PlyCount "85"]
[EventDate "2018.07.10"]
[EventType "team"]
[EventRounds "7"]
[EventCountry "GRE"]
[SourceTitle "CBM 185 Extra"]
[Source "ChessBase"]
[SourceDate "2018.07.29"]
[SourceVersion "1"]
[SourceVersionDate "2018.07.29"]
[SourceQuality "1"]
[WhiteTeam "Chania Kaissa"]
[BlackTeam "Heraklion Contact"]
[WhiteTeamCountry "GRE"]
[BlackTeamCountry "GRE"]

1. d4 Nf6 2. c4 e6 3. Nc3 Bb4 4. Nf3 c5 5. d5 0-0 6. Bg5 b6 7. e3 Bb7 8. e4 Qc7 9. Bd3 exd5 10. cxd5 d6 11. Bxf6 gxf6 12. 0-0 Nd7 13. Nh4 Ne5 14. Bb1 Kh8 15. f4 Ng6 16. Qh5 Rg8 17. Rf3 Bxc3 18. bxc3 Qe7 19. Nf5 Qf8 20. Rh3 Rg7 21. Nxg7 Qxg7 22. Qf3 Re8 23. Bc2 Bc8 24. f5 Ne5 25. Qh5 Ba6 26. Re1 Rg8 27. Rg3 Qf8 28. Ree3 Rxg3 29. Rxg3 Bb5 30. Qh4 Qd8 31. Qh6 Ng6 32. fxg6 fxg6 33. Rxg6 Qe7 34. Rxf6 Kg8 35. Rxd6 Be8 36. Qe6+ Qxe6 37. Rxe6 Kf7 38. e5 Bd7 39. Rf6+ Ke7 40. d6+ Ke8 41. e6 Bc6 42. Bxh7 Bd5 43. Bg6+ 1-0